000 00887nam0a22002291 4500
001 rc\3797087
005 20260406124434.0
035 _a(NLR Aleph) 007244765
090 _a7767649
_c7767649
100 _a20120311a19759999|||y0rusy50 ca
101 0 _arus
102 _aRU
105 _ay z |||||
200 1 _aТруды САО ВАСХНИЛ
_fВАСХНИЛ. Среднеазиат. отд-ние
210 _aТашкент
_cБ. и.
_d1975-
710 0 2 _aВАСХНИЛ
_bСреднеазиатское отделение
_3RU\NLR\AUTH\8817287
_9307793
801 0 _aRU
_bNLR
_gpsbo
801 1 _aRU
_bELAR
_2rusmarc
830 _aПеречень имеющихся в библиотеке томов, номеров, годов этого издания смотри в каталоге периодических изданий
852 _aNLR
_jП13/1530
942 _cBOOK
980 _aNB